000 00587nam a2200217Ia 4500
005 20260207095049.0
008 131103s9999 xx 000 0 und d
040 _aLoreto College
041 _aEnglish
082 _a920
_bCAM-EDW
100 _aEdwardes,S.M.
245 _aKharshedji Rustamji Cama 1831 - 1909
_b a memoir
_cS.M.Edwardes
250 _a[s.l.]
260 _aOxford University Press
_b1923
_cviii, 156 p.
300 _a 22 cm.
504 _aIncludes index
650 _aCama,Kharshedji Rustamji,1831 - 1909
651 _aBiography
850 _aLCLIB
942 _cBK
999 _c12157
_d62636